000 00330nam a2200157Ia 4500
001 15929
003 IN-NITTTR
005 20251114233150.0
008 251113s9999||||xx |||||||||||||| ||eng||
040 _beng
040 _cIN-NITTTR
041 _aeng
082 _a822 N164H
245 0 _aHorse and two goat /
942 _2ddc
_cBK
999 _c18563
_d18563